| 000 | 00428nam a2200109Ia 4500 | ||
|---|---|---|---|
| 008 | 160909s9999 xx 000 0 und d | ||
| 100 | _aMartinez, Daniel J. | ||
| 245 | _aAssessing site resilience using repeat photography: Photographic analysis of landscape change in Glen Canyon, Arizona | ||
| 260 |
_bNorthern Arizona University. _c2016 |
||
| 650 | _aTOURISM | ||
| 856 | _uhttp://pqdtopen.proquest.com/doc/1808260488.html?FMT=ABS | ||
| 999 |
_c304943 _d304943 |
||